zpět

Detail výsledku týmu

Max Beer Bar, Benešov

Datum a čas kvízu

27 Celkem bodů Celkový počet nahraných bodů na tomto kvízu bez doplňovacích otázek.
4. Pořadí na kvízu Konečné umístění týmu na tomto kvízu.

Zaznamenané odpovědi

# Otázka Odpověď Body Výsledky
1. Na kterém českém hradě skončil... na Karlštejně 1
2. Minulý týden vyšla zpráva o to... D) papoušky 0
3. Historickým městem roku 2022 s... Vysoké Mýto 0
4. Japonská společnost Sega oznám... Angry Birds 1
5. Minulý týden začal soudní proc... Roman Berbr, Plzeň 1
6. O slovanských bozích a mýtech... Vesna 0
7. Níže zobrazený český lékař a b... Jan Evangelista Purkyně, Živa 0.5
8. Na kresbě níže je zachycena mý... Kostěj 0
9. Seřaďte tyto slovanské svátky... 1C 2D 3A 4B 0
10. Ve fantasy románu Američtí ___... Američtí bohové, Neil Gaiman 0